<?xml version="1.0" encoding="UTF-8"?>
<record
    xmlns:xsi="http://www.w3.org/2001/XMLSchema-instance"
    xsi:schemaLocation="http://www.loc.gov/MARC21/slim http://www.loc.gov/standards/marcxml/schema/MARC21slim.xsd"
    xmlns="http://www.loc.gov/MARC21/slim">

  <leader>00915cam a22002531  4500</leader>
  <controlfield tag="001">ca 32000258 </controlfield>
  <controlfield tag="003">DLC</controlfield>
  <controlfield tag="005">20260227111126.0</controlfield>
  <controlfield tag="008">780814s1921    pl       b    000 0 pol  </controlfield>
  <datafield tag="010" ind1=" " ind2=" ">
    <subfield code="a">ca 32000258 </subfield>
  </datafield>
  <datafield tag="035" ind1=" " ind2=" ">
    <subfield code="a">(OCoLC)4139249</subfield>
  </datafield>
  <datafield tag="040" ind1=" " ind2=" ">
    <subfield code="a">DLC</subfield>
    <subfield code="c">ICIU</subfield>
    <subfield code="d">ICIU</subfield>
    <subfield code="d">DLC</subfield>
  </datafield>
  <datafield tag="042" ind1=" " ind2=" ">
    <subfield code="a">premarc</subfield>
  </datafield>
  <datafield tag="050" ind1="0" ind2="0">
    <subfield code="a">PG7158.S6</subfield>
    <subfield code="b">P6</subfield>
  </datafield>
  <datafield tag="100" ind1="1" ind2=" ">
    <subfield code="a">S&#x142;owacki, Juliusz,</subfield>
    <subfield code="d">1809-1849.</subfield>
  </datafield>
  <datafield tag="245" ind1="1" ind2="0">
    <subfield code="a">Powie&#x15B;ci poetyckie.</subfield>
    <subfield code="c">Opracowa&#x142; Manfred Kridl.</subfield>
  </datafield>
  <datafield tag="260" ind1=" " ind2=" ">
    <subfield code="a">Krak&#xF3;w,</subfield>
    <subfield code="b">Nak&#x142;adem Krakowskiej Sp&#xF3;&#x142;ki Wydawniczej</subfield>
    <subfield code="c">[1921?]</subfield>
  </datafield>
  <datafield tag="300" ind1=" " ind2=" ">
    <subfield code="a">xlii, 233 p.</subfield>
    <subfield code="c">18 cm.</subfield>
  </datafield>
  <datafield tag="490" ind1="0" ind2=" ">
    <subfield code="a">Bibljoteka narodowa. Seria I,</subfield>
    <subfield code="v">nr. 47</subfield>
  </datafield>
  <datafield tag="500" ind1=" " ind2=" ">
    <subfield code="a">At head of title: Juljusz S&#x142;owacki.</subfield>
  </datafield>
  <datafield tag="504" ind1=" " ind2=" ">
    <subfield code="a">Bibliography: p. xli-xlii.</subfield>
  </datafield>
  <datafield tag="505" ind1="0" ind2=" ">
    <subfield code="a">Szanfary.--Hugo.--Do Micha&#x142;a Rola Skibickiego.--Mnich.--Jan Bielecki.--Arab.--&#x17B;mija.--Przedmowa do III tomu Poezyj.--Lambro.--Godzina my&#x15B;li.</subfield>
  </datafield>
  <datafield tag="700" ind1="1" ind2=" ">
    <subfield code="a">Kridl, Manfred,</subfield>
    <subfield code="d">1882-1957,</subfield>
    <subfield code="e">ed.</subfield>
  </datafield>
  <datafield tag="999" ind1=" " ind2=" ">
    <subfield code="c">16911</subfield>
    <subfield code="d">16911</subfield>
  </datafield>
</record>
